12 Great Feasts of the Orthodox Church - Statistics

General Stats
  • This quiz has been taken 237 times
  • The average score is 6 of 12
Answer Stats
Hint Answer % Correct
December 25 Nativity of Christ
93%
January 6 Baptism of Christ
62%
50 days after Pascha Pentecost
62%
August 15 Dormition of the Theotokos
57%
Sun before Pascha Entry into Jerusalem
56%
40 days after Pascha Ascension of Christ
53%
March 25 Annunciation
50%
August 6 Transfiguration
34%
September 8 Nativity of the Theotokos
33%
September 14 Exaltation of the cross
29%
February 2 Presentation of Jesus at the Temple
13%
November 21 Presentation of the Theotokos in the Temple
13%
No matching quizzes found
Score Distribution
Percent of People with Each Score
Percentile by Number Answered
Your Score History
You have not taken this quiz